Justin Bieber - Paroles Sorry - Statistiques

Statistiques générales
  • Ce quiz a été pris 19 fois
  • Le résultat moyen est 249 sur 359
Statistiques - réponses
Hint Réponse % Correct
So
100%
sorry?
100%
sorry
100%
sorry,
100%
Sorry,
100%
Sorry
100%
I
94%
(I
94%
a
88%
no
88%
no,
88%
no)
88%
oh,
88%
Oh,
88%
(Oh,
88%
oh
88%
to
88%
Couplet 1 You
88%
you
88%
Drop I'm
82%
I'm
82%
is
82%
Is
82%
it
82%
now
82%
now?
82%
say
82%
'Cause
76%
Refrain Yeah,
76%
do
76%
know
76%
late
76%
then
76%
Refrain Yeah,
76%
yeah
76%
and
71%
And
71%
let
71%
too
71%
your
71%
(your
71%
body
65%
body)
65%
down
65%
down)
65%
just
65%
more
65%
my
65%
than
65%
that
65%
the
65%
but
59%
But
59%
don't
59%
go
59%
go,
59%
missing
59%
of
59%
on
59%
time,
59%
want
59%
at
53%
for
53%
in
53%
me,
53%
me
53%
this
53%
this?
53%
we
53%
get
47%
honesty
47%
made
47%
take
47%
try,
47%
with
47%
all
41%
apologies
41%
Can
41%
gotta
41%
once
41%
there
41%
those
41%
twice
41%
twice,
41%
100
35%
angry
35%
back
35%
couple
35%
every
35%
forget
35%
forgiveness
35%
if
35%
maybe
35%
mean
35%
mistakes
35%
need
35%
one
35%
out
35%
truth
35%
blame
29%
by
29%
chances
29%
Couplet 2 I'll
29%
game
29%
I'll
29%
not
29%
or
29%
shot
29%
times
29%
well
29%
words
29%
2
24%
both
24%
could
24%
myself
24%
piece
24%
redeem,
24%
run
24%
second
24%
tonight
24%
tryna
24%
call
18%
hope
18%
innocent
18%
referee?
18%
single
18%
someone
18%
spill
12%
Aucun quiz correspondant
Distribution des résultats
% des personnes avec chaque résultat
Percentile par nombre de réponses
Votre historique - résultats
Vous n’avez pas pris ce quiz